000
00278nam a22001337a 4500
008
170225b xxu||||| |||| 00| 0 eng d
020
_a
0443075409
041
_a
eng
080
_a
617
100
_a
5
101
_a
SHK
245
_a
SPINE SURGERY
_c
BENZEL, E.C
942
_2
udc
_c
BK
999
_c
6242
_d
6242